Musicals' Leading Ladies Quiz Stats

 Plays Quiz not verified by Sporcle

Challenge
Share
Tweet
Embed
Score 0/30 Timer 05:00
0 Plays Today
Lead Female Actress or Actresses Show Title % Correct
Kristin Chenoweth and Idina MenzelWicked
88.7%
Andrea McArdleAnnie
69.3%
Barbra StreisandFunny Girl
68.3%
Patti LuponeEvita
61.7%
Sutton FosterThoroughly Modern Millie
60.4%
Carol ChanningHello, Dolly!
59.7%
Joanna GleasonInto the Woods
59.5%
Chita Rivera and Gwen VerdonChicago
59.5%
Angela LansburySweeney Todd: The Demon Barber of Fleet Street
57.6%
Marissa Jaret WinokurHairspray
55.9%
Mary MartinPeter Pan
53%
Angela LansburyMame
52.1%
Sierra BoggessThe Little Mermaid
49.7%
Betty BuckleyCats
49.5%
Glenn CloseSunset Boulevard
43.9%
Lead Female Actress or Actresses Show Title % Correct
Heather Headley and Sherie Rene ScottAida
43.2%
Alice Ripley and Emily SkinnerSide Show
41.9%
Bernadette PetersSunday in the Park with George
37.1%
Julie AndrewsCamelot
37.1%
Carol BurnettOnce Upon A Mattress
34.9%
Chita RiveraKiss of the Spider Woman
31.4%
Donna Murphy and Marin MazziePassion
23.4%
Lauren BacallApplause
18.4%
Rosalind RussellWonderful Town
15.8%
Liza MinnelliFlora the Red Menace
15%
Katharine HepburnCoco
14.8%
Ethel MermanCall Me Madam
14.3%
Madeline KahnOn the Twentieth Century
10.5%
Liliane MontevecchiGrand Hotel
7.1%
Nancy WalkerDo Re Mi
3.4%

You're not logged in!

Compare scores with friends on all Sporcle quizzes.
OR
Log In

You Might Also Like...

Show Comments

Extras

Top Quizzes Today


Score Distribution

Your Account Isn't Verified!

In order to create a playlist on Sporcle, you need to verify the email address you used during registration. Go to your Sporcle Settings to finish the process.

Report this User

Report this user for behavior that violates our Community Guidelines.

Details: